Acciones de transformación de las universidades públicas mexicanas : (Record no. 152222)

MARC details
000 -CABECERA
campo de control de longitud fija 00741nam a2200205 u 4500
005 - FECHA Y HORA DE LA ÚLTIMA TRANSACCIÓN
campo de control 20240203063631.0
008 - ELEMENTOS DE LONGITUD FIJA--INFORMACIÓN GENERAL
campo de control de longitud fija 110405s2005 r 000 0 eng d
020 ## - NÚMERO INTERNACIONAL NORMALIZADO PARA LIBROS
Número Internacional Estándar del Libro 9707040785
035 ## - NÚMERO DE CONTROL DEL SISTEMA
Número de control de sistema UPN01000180119
049 ## - COLECCIÓN
Colección CG
050 #4 - SIGNATURA TOPOGRÁFICA DE LA BIBLIOTECA DEL CONGRESO
Número de clasificación LB2329.8 M6
Número de documento/Ítem I2.2
100 1# - ASIENTO PRINCIPAL--NOMBRE PERSONAL
Nombre de persona Ibarra Mendívil, Jorge Luis
245 10 - MENCIÓN DE TÍTULO
Título Acciones de transformación de las universidades públicas mexicanas :
Resto del título 1994-2003 /
Mención de responsabilidad, etc. Jorge Luis Ibarra Mendívil, Javier Mendoza Rojas y Patricia Acuña Monsalve.
260 ## - PUBLICACIÓN, DISTRIBUCIÓN, ETC.
Lugar de publicación, distribución, etc. México :
Nombre del editor, distribuidor, etc. ANUIES,
Fecha de publicación, distribución, etc. 2005.
300 ## - DESCRIPCIÓN FÍSICA
Extensión 80 p. :
Otras características físicas cuadros
650 #4 - ASIENTO SECUNDARIO DE MATERIA - TERMINO TEMATICO
Término de materia o nombre geográfico como elemento de entrada Universidades y colegios públicos
Subdivisión geográfica México
9 (RLIN) 3892
700 1# - ASIENTO SECUNDARIO--NOMBRE DE PERSONAL
Nombre de persona Mendoza Rojas, Javier
Término indicativo de función/relación coaut.
9 (RLIN) 29304
700 1# - ASIENTO SECUNDARIO--NOMBRE DE PERSONAL
Nombre de persona Acuña Monsalve, Patricia,
Término indicativo de función/relación coaut.
905 ## - TIPO DE MATERIAL
Tipo de material Libro
Holdings
Estado de retiro Estado de pérdida Fuente del sistema de clasificación o colocación Estado dañado No para préstamo Código de colección Localización permanente Ubicación/localización actual Ubicación en estantería Total de préstamos Clasificación Código de barras Fecha visto por última vez Número de copia Tipo de ítem Koha Enumeración/cronología de publicación seriada
    Library of Congress Classification     Colección General Bib. Gregorio Torres Quintero Bib. Gregorio Torres Quintero Planta baja   LB2329.8 M6 I2.2 278183 31/12/2020 1 Libro  
    Library of Congress Classification     Colección General Bib. Gregorio Torres Quintero Bib. Gregorio Torres Quintero Planta baja   LB2329.8 M6 I2.2 U14436 31/12/2020 1 Libro Donación UNESCO
    Library of Congress Classification     Colección General Bib. Gregorio Torres Quintero Bib. Gregorio Torres Quintero Planta baja   LB2329.8 M6 I2.2 U14459 31/12/2020 1 Libro Donación UNESCO